| 000 | 00746cam a2200181 i 4500 | ||
|---|---|---|---|
| 005 | 20251224082452.0 | ||
| 008 | 250721s1995 jo gr 000 0 ara d | ||
| 082 | 1 | 4 |
_a218,51 _bا د ل |
| 100 | 1 |
_aأدلبي، ناصر مصطفى _eمؤلف. |
|
| 245 | 1 | 2 |
_aالأساس في الخطب و المواعظ / _cتأليف ناصر مصطفى ادلبي ؛ راجعه وقدم له الاستاذ الشيخ محمود الحامد، الاستاذ الشيخ عبدو الحريري. |
| 250 | _aالطبعه الاولى. | ||
| 264 | 3 | 1 |
_aعمان : _bدار البشير، _c1995. |
| 300 | _a416 صفحة. | ||
| 650 | 1 | 7 | _aالوعظ و الإرشاد. |
| 650 | 1 | 7 | _aالخطب الدينية. |
| 942 |
_2ddc _cBK |
||
| 999 |
_c4532 _d4532 |
||